000 00659nam a22001937a 4500
005 20251108170845.0
008 250721s1987 xx 000 0 ara d
082 1 4 _a189/فار
100 1 _aالفارابي، أبو نصر محمد بن محمد بن طرخان
245 1 0 _aكتاب التنبيه على سبيل السعادة /
250 _aط2
264 1 _aبيروت :
_bدار المناهل للطباعة و النشر و التوزيع،
_c1987.
300 _a111ص
650 1 7 _aالفلسفة الإسلامية
650 1 7 _aالسعادة
700 1 _aآل ياسين، جعفر
_eتحقيق
942 _2ddc
_cBK
999 _c50642
_d50642